=LDR 00000nam 2200000 4500 =001 INLIS000000000024148 =005 20130612122743 =008 ***********************************Ind** =035 ##$$0010-061300000024148 =041 ##$$a Ind =082 ##$$a 371.104 =090 ##$$a 371.104, Jam r =100 ##$$a Jamrah, Saeful bahri =245 ##$$a Rahasia sukses belajar, Syaful Bahri Djamarah =260 ##$$a 2002 $b Jakarta =300 ##$$a 133 hlm, 21 cm =650 ##$$a Kiat belajar sukses =850 ##$$a NBPNMAT